00334nam a2200097 a 450000500170000000800410001705000250005810000220008324500700010565000610017520140414093845.0091020s19uu xx 00 eng d aCD 468.242bEVE 2007 aRosentiel, Sandra aThe Everything :bintermediate Spanish Book /cSandra Rosentinel. aSpanish LanguagexTextbooks for Foreign speakers-english